| 000 | 00815cam a22002771 4500 | ||
|---|---|---|---|
| 999 |
_c128790 _d128790 |
||
| 001 | 9761534 | ||
| 003 | ARRUPE | ||
| 005 | 20190121125010.0 | ||
| 008 | 721215s1948 enka b 000 0 eng | ||
| 010 | _a 49002513 | ||
| 035 | _a(OCoLC)518845 | ||
| 040 |
_aDLC _cOCoD _dOCoLC _dDLC |
||
| 042 | _apremarc | ||
| 050 | 0 | 0 |
_aSPC. N5310 _b.B68 |
| 082 | _a750.901 | ||
| 100 | 1 |
_aBroderick, Alan Houghton. _929672 |
|
| 245 | 1 | 0 |
_aPrehistoric painting. _cAlan Houghton Brodrick |
| 260 |
_a[London] _bAvalon Press _c[1948] |
||
| 300 |
_a55 p. ; _billus. (part col.) _c26 cm. |
||
| 440 | 0 |
_aDiscussions on art _944048 |
|
| 504 | _a"Short bibliography": 1 p. at end. | ||
| 650 | 0 |
_aArt, Primitive. _99543 |
|
| 650 | 0 |
_aPainting. _913481 |
|
| 906 |
_a7 _bcbc _coclcrpl _du _encip _f19 _gy-gencatlg |
||
| 942 |
_2lcc _cSPC |
||